Comparación de procedimientos de ensayo para determinar la resistencia al agrietamiento por fatiga en mezclas asfálticas en caliente
Uloženo v:
| Hlavní autor: | |
|---|---|
| Médium: | Kniha |
| Jazyk: | Spanish |
| Vydáno: |
[San José], Costa Rica
2016
|
| Témata: | |
| Tagy: |
Přidat tag
Žádné tagy, Buďte první, kdo vytvoří štítek k tomuto záznamu!
|
MARC
| LEADER | 00000nam a22000007a 4500 | ||
|---|---|---|---|
| 003 | 012457 | ||
| 005 | 20221231144117.0 | ||
| 008 | 160914b2016 cr a|||| |||| 00| ||spa d | ||
| 040 | |c cru CEDI | ||
| 090 | |a TFG 7614 | ||
| 100 | |9 5306 |a Arrieta Méndez, Andrey Gerardo | ||
| 245 | |a Comparación de procedimientos de ensayo para determinar la resistencia al agrietamiento por fatiga en mezclas asfálticas en caliente | ||
| 260 | |a [San José], Costa Rica |c 2016 | ||
| 300 | |a xix, 169[A5] hojas; ilustraciones algunas a color | ||
| 500 | |a Proyecto de graduación (licenciatura en ingeniería civil)--Universidad de Costa Rica. Facultad de Ingeniería. Escuela de Ingeniería Civil | ||
| 650 | |x MEZCLAS DE EMULSION ASFALTICA - NORMAS |x MEZCLAS DE EMULSION ASFALTICA - PRUEBAS |x PAVIMENTOS DE ASFALTO |x ASFALTO |x MATERIALES PARA CARRETERAS |9 5307 | ||
| 942 | |c TFG | ||
| 999 | |c 17037 |d 17037 | ||
